[Event "4NCL/Div3/PPA2 vs. SLOS3"]
[Site "Birmingham ENG"]
[Date "2006.03.04"]
[Round "7.3"]
[White "McCorry, Rob"]
[Black "McGowan, Daniel"]
[Result "1/2-1/2"]
[WhiteElo "2080"]
[BlackElo "2126"]
[PlyCount "43"]
[EventDate "2006.03.04"]
[EventType "team"]
[EventRounds "11"]
[EventCountry "ENG"]
[SourceDate "2005.10.25"]

1. d4 e6 2. c4 Nf6 3. Nc3 d5 4. Bg5 Be7 5. e3 h6 6. Bh4 O-O 7. Nf3 b6 8. Rc1
Bb7 9. cxd5 Nxd5 10. Bxe7 Qxe7 11. Bd3 Rc8 12. O-O Nxc3 13. Rxc3 Nd7 14. Bb1 c5
15. Qd3 Nf6 16. dxc5 Rxc5 17. Rxc5 Qxc5 18. Rd1 Be4 19. Qe2 Bxb1 20. Rxb1 Rc8
21. h3 Qc2 22. Re1 1/2-1/2

[Event "4NCL/Div3/PPA2 vs. SLOS3"]
[Site "Birmingham ENG"]
[Date "2006.03.04"]
[Round "7.4"]
[White "Duggan, Michael"]
[Black "Bailey, Kevin"]
[Result "1/2-1/2"]
[WhiteElo "2082"]
[BlackElo "2089"]
[PlyCount "35"]
[EventDate "2006.03.04"]
[EventType "team"]
[EventRounds "11"]
[EventCountry "ENG"]
[SourceDate "2005.10.25"]

1. e4 e5 2. Nf3 Nc6 3. Bb5 a6 4. Ba4 Nf6 5. O-O Be7 6. Bxc6 dxc6 7. Qe1 Nd7 8.
b3 O-O 9. Bb2 Bd6 10. d3 Re8 11. Nbd2 Nf8 12. Qe3 c5 13. Nc4 Ng6 14. Rad1 b5
15. Ncd2 Qf6 16. Rfe1 Nf4 17. Nf1 Bg4 18. Kh1 1/2-1/2

[Event "4NCL/Div3/PPA2 vs. SLOS3"]
[Site "Birmingham ENG"]
[Date "2006.03.04"]
[Round "7.5"]
[White "Retallick, Lloyd"]
[Black "Purton, Ben J"]
[Result "0-1"]
[WhiteElo "2080"]
[BlackElo "2107"]
[PlyCount "64"]
[EventDate "2006.03.04"]
[EventType "team"]
[EventRounds "11"]
[EventCountry "ENG"]
[SourceDate "2005.10.25"]

1. d4 Nf6 2. c4 g6 3. Nc3 Bg7 4. e4 d6 5. Nf3 O-O 6. Be3 Ng4 7. Bg5 h6 8. Bc1
e5 9. Be2 exd4 10. Nxd4 Ne5 11. O-O Na6 12. Be3 Re8 13. f3 Nc5 14. Qd2 Kh7 15.
Rad1 a5 {=} 16. Ndb5 Na6 17. c5 Be6 18. cxd6 c6 19. Nd4 Qxd6 20. Nxe6 Qxe6 21.
Bxa6 Rxa6 22. Qc1 b5 23. b3 a4 24. b4 Qc4 25. a3 Nd3 26. Qb1 Nxb4 27. Nxb5 Qxb5
28. axb4 a3 29. Qa2 {=} Qxb4 30. Rd7 Re7 31. Rd3 Rb7 32. Bc1 Qb1 0-1

[Event "4NCL/Div3/PPA2 vs. SLOS3"]
[Site "Birmingham ENG"]
[Date "2006.03.04"]
[Round "7.6"]
[White "Foster, James J"]
[Black "Jeffries, Majid"]
[Result "1-0"]
[WhiteElo "2068"]
[BlackElo "2026"]
[PlyCount "89"]
[EventDate "2006.03.04"]
[EventType "team"]
[EventRounds "11"]
[EventCountry "ENG"]
[SourceDate "2005.10.25"]

1. c4 e5 2. Nc3 Nc6 3. e4 g6 4. g3 Bg7 5. Bg2 d6 6. Nge2 Nge7 7. d3 O-O 8. O-O
Nd4 9. Nxd4 exd4 10. Ne2 Rb8 11. a4 c5 12. Bd2 a5 13. Qe1 Nc6 14. Nc1 Nb4 15.
Bxb4 axb4 16. f4 Re8 17. Qd1 Qe7 18. b3 Bd7 19. Ra2 h6 20. Raf2 f5 21. h4 h5 {=
} 22. Kh2 fxe4 23. Bxe4 Bg4 24. Qd2 Qf6 25. Ne2 Bh6 26. Ng1 Re7 27. Nf3 Bxf3
28. Rxf3 Rbe8 29. Qg2 Kh7 30. R3f2 b6 31. Qh3 Kg7 32. g4 hxg4 33. Qxg4 Rxe4 34.
dxe4 Rxe4 35. h5 d3 36. hxg6 d2 37. Kh1 Re1 38. Qd7+ Re7 39. Qh3 Qc3 40. Rf3
Qd4 41. f5 Re4 42. f6+ Kxg6 43. Qf5+ Kf7 44. Qh7+ Ke8 45. f7+ 1-0

[Event "4NCL/Div3/PPA2 vs. SLOS3"]
[Site "Birmingham ENG"]
[Date "2006.03.04"]
[Round "7.7"]
[White "Ribbands, Patrick C"]
[Black "Coddington, Oliver"]
[Result "0-1"]
[WhiteElo "1955"]
[BlackElo "2070"]
[PlyCount "60"]
[EventDate "2006.03.04"]
[EventType "team"]
[EventRounds "11"]
[EventCountry "ENG"]
[SourceDate "2005.10.25"]

1. c4 g6 2. Nc3 Bg7 3. g3 d6 4. Bg2 e5 5. d3 f5 6. e4 c6 7. Nge2 Nf6 8. O-O O-O
9. Rb1 Be6 10. b3 Nbd7 11. Ba3 Ne8 12. f4 Qa5 13. Bb2 Nef6 14. h3 h5 15. exf5
gxf5 16. Kh2 h4 17. gxh4 Nh5 18. Qc2 Qd8 19. Rf3 Qxh4 20. Rbf1 Bh6 21. Bc1 Rf6
22. Be3 Rg6 23. Bf2 Qe7 24. Be3 Kh7 25. Qd2 Rag8 26. Bh1 Qg7 27. Rg1 Rxg1 28.
Nxg1 exf4 29. Bf2 Ng3 30. Bxa7 Nf1+ 0-1

[Event "4NCL/Div3/PPA2 vs. SLOS3"]
[Site "Birmingham ENG"]
[Date "2006.03.04"]
[Round "7.8"]
[White "Ignacz, Rosza"]
[Black "Vann, Monica S"]
[Result "1-0"]
[WhiteElo "1956"]
[BlackElo "1810"]
[PlyCount "99"]
[EventDate "2006.03.04"]
[EventType "team"]
[EventRounds "11"]
[EventCountry "ENG"]
[SourceDate "2005.10.25"]

1. d4 Nf6 2. c4 g6 3. Nc3 d6 4. e4 Bg7 5. Be2 O-O 6. Nf3 Bg4 7. h3 Bxf3 8. Bxf3
e5 9. dxe5 dxe5 10. O-O a5 11. Qb3 b6 12. Be3 Nc6 13. Rfd1 Qe7 14. Qb5 Qe6 15.
Nd5 Rac8 16. Nxf6+ Qxf6 17. c5 Nd4 18. Bxd4 exd4 19. Rac1 Qf4 20. cxb6 cxb6 21.
Rxc8 Rxc8 22. Qxb6 Be5 23. Qb3 Rb8 24. Qc2 d3 25. Qxd3 Rxb2 26. g3 Qf6 27. a3
Kg7 28. Be2 Qb6 29. Kf1 Rb3 30. Qd5 Bxg3 31. fxg3 Qf6+ 32. Kg2 Rb2 33. Qc4 Qe5
34. Rf1 Rb7 35. Qd5 Qb2 36. Rf2 Re7 37. Bc4 Qxa3 38. Rxf7+ Rxf7 39. Qxf7+ Kh6
40. Qf2 Qc3 41. Qf8+ Qg7 42. Qxg7+ Kxg7 43. e5 Kf8 44. Kf3 Ke7 45. Kf4 h6 46.
Ke4 a4 47. Kd4 a3 48. Kd5 g5 49. g4 Ke8 50. Ke6 1-0

[Event "4NCL/Div3/SLOS2 vs. FCA1"]
[Site "Birmingham ENG"]
[Date "2006.03.04"]
[Round "7.1"]
[White "Jessel, Stephen"]
[Black "Macdonald-Ross, Michael"]
[Result "1-0"]
[WhiteElo "2313"]
[BlackElo "2207"]
[PlyCount "65"]
[EventDate "2006.03.04"]
[EventType "team"]
[EventRounds "11"]
[EventCountry "ENG"]
[SourceDate "2005.10.25"]

1. e4 c6 2. d4 d5 3. e5 Bf5 4. Nc3 a6 5. Be3 Qc7 6. h3 e6 7. Nge2 c5 8. g4 Bg6
9. f4 cxd4 10. Nxd4 Nc6 11. Bg2 Nge7 12. Nce2 Nxd4 13. Nxd4 Nc6 14. O-O h5 15.
c4 Nxd4 16. Qxd4 dxc4 17. f5 Bh7 18. Qb6 Qxb6 19. Bxb6 Rc8 20. Bxb7 Bc5+ 21.
Kg2 hxg4 22. hxg4 Bxb6 23. Bxc8 Bd4 24. Bxa6 Bxb2 25. Rab1 Bxe5 26. Rfe1 Bf4
27. Kf3 Bh2 28. Re2 Bd6 29. Bxc4 O-O 30. Rb6 Bb8 31. fxe6 fxe6+ 32. Kg2 Kh8 33.
Rbxe6 1-0

[Event "4NCL/Div3/SLOS2 vs. FCA1"]
[Site "Birmingham ENG"]
[Date "2006.03.04"]
[Round "7.2"]
[White "Reuben, Stewart"]
[Black "Rees, Ioan"]
[Result "0-1"]
[WhiteElo "2142"]
[BlackElo "2241"]
[PlyCount "60"]
[EventDate "2006.03.04"]
[EventType "team"]
[EventRounds "11"]
[EventCountry "ENG"]
[SourceDate "2005.10.25"]

1. c4 Nf6 2. g3 c5 3. Nc3 d5 4. cxd5 Nxd5 5. Bg2 Nc7 6. d3 e5 7. f4 exf4 8.
Bxf4 Be7 9. Nh3 O-O 10. Bxc7 Qxc7 11. Nf4 Nc6 12. Nfd5 Qe5 13. Qa4 Bg5 14. O-O
Nd4 15. Rf2 b5 16. Qd1 Bb7 17. e3 Nf5 18. Qg4 Nxe3 19. Nxe3 Bxe3 20. Bxb7 Rab8
21. Qe4 Bxf2+ 22. Kxf2 Qd4+ 23. Kg2 Rfe8 24. Qf3 Re3 25. Qd5 Rxd3 26. Rf1 Rd2+
27. Kh1 Rf2 28. Rd1 Qf6 29. Kg1 Rxb2 30. Qf3 Rxb7 0-1

[Event "4NCL/Div3/SLOS2 vs. FCA1"]
[Site "Birmingham ENG"]
[Date "2006.03.04"]
[Round "7.3"]
[White "Williams, Samuel G"]
[Black "Smith, Graham"]
[Result "1-0"]
[WhiteElo "2227"]
[BlackElo "2138"]
[PlyCount "57"]
[EventDate "2006.03.04"]
[EventType "team"]
[EventRounds "11"]
[EventCountry "ENG"]
[SourceDate "2005.10.25"]

1. d4 f5 2. g3 Nf6 3. Bg2 g6 4. Nh3 Bg7 5. c3 e6 6. Nf4 O-O 7. h4 Na6 8. h5 g5
9. h6 Bh8 10. Nd3 Ne4 11. Nd2 d5 12. Nf3 Bd7 13. Be3 Be8 14. Qc1 Bf6 15. Nfe5
Kh8 16. a4 c6 17. Rh3 Nc7 18. b4 Rg8 19. f3 g4 20. Rh2 Nxg3 21. fxg4 fxg4 22.
Qd2 Ne4 23. Bxe4 dxe4 24. Nc5 g3 25. Rg2 Nd5 26. c4 Nxe3 27. Qxe3 Bxe5 28. dxe5
Qb6 29. Qf4 1-0

[Event "4NCL/Div3/SLOS2 vs. FCA1"]
[Site "Birmingham ENG"]
[Date "2006.03.04"]
[Round "7.4"]
[White "Constantinou, Peter"]
[Black "Rudolf, Anna"]
[Result "1/2-1/2"]
[WhiteElo "2137"]
[BlackElo "2202"]
[PlyCount "65"]
[EventDate "2006.03.04"]
[EventType "team"]
[EventRounds "11"]
[EventCountry "ENG"]
[SourceDate "2005.10.25"]

1. g3 e6 2. Bg2 c5 3. Nf3 Nc6 4. O-O Nf6 5. d3 d5 6. Nbd2 Bd6 7. e4 O-O 8. Qe2
Qc7 9. Re1 Nd7 10. c3 b6 11. d4 a5 12. Ng5 Ba6 13. Qg4 cxd4 14. exd5 Nf6 15.
Qh4 exd5 16. Bxd5 h6 17. Bxf7+ Rxf7 18. Nxf7 Qxf7 19. cxd4 Bb7 20. Nf1 Qd5 21.
Ne3 Qf3 22. d5 Nb4 23. Bd2 Nbxd5 24. Qc4 Kh8 25. Qe2 Qe4 26. Nc4 Ne3 27. f3
Qxc4 28. Bxe3 Qxe2 29. Rxe2 Bxf3 30. Rf2 Bd5 31. Rd1 Re8 32. Rxf6 gxf6 33. Rxd5
1/2-1/2

[Event "4NCL/Div3/SLOS2 vs. FCA1"]
[Site "Birmingham ENG"]
[Date "2006.03.04"]
[Round "7.5"]
[White "Tweedie, Steven"]
[Black "Freeman, Richard C P"]
[Result "1-0"]
[WhiteElo "2228"]
[BlackElo "2088"]
[PlyCount "73"]
[EventDate "2006.03.04"]
[EventType "team"]
[EventRounds "11"]
[EventCountry "ENG"]
[SourceDate "2005.10.25"]

1. e4 c5 2. Nc3 Nc6 3. g3 g6 4. Bg2 Bg7 5. d3 d6 6. Be3 e5 7. f4 Nge7 8. Nf3
O-O 9. O-O f5 10. fxe5 Nxe5 11. Nxe5 Bxe5 12. d4 cxd4 13. Bxd4 Nc6 14. Bxe5
dxe5 15. Qxd8 Rxd8 16. Nd5 Kf7 17. Rae1 Be6 18. Ne3 Rd2 19. exf5 Bxa2 20. fxg6+
Kxg6 21. Be4+ Kg7 22. b3 Rc8 23. Ra1 Nb4 24. Rf2 Rxf2 25. Kxf2 b5 26. Ke2 a5
27. Nf5+ Kf6 28. Nd6 Rd8 29. Nxb5 a4 30. bxa4 Bc4+ 31. Ke3 Rb8 32. Rb1 Na6 33.
Na3 Rxb1 34. Nxb1 Nc5 35. Nd2 Ba6 36. Bc6 h5 37. Ne4+ 1-0

[Event "4NCL/Div3/SLOS2 vs. FCA1"]
[Site "Birmingham ENG"]
[Date "2006.03.04"]
[Round "7.6"]
[White "Elwin, Adrian G"]
[Black "Szczerbak, Jaroslaw"]
[Result "0-1"]
[WhiteElo "2052"]
[BlackElo "2137"]
[PlyCount "54"]
[EventDate "2006.03.04"]
[EventType "team"]
[EventRounds "11"]
[EventCountry "ENG"]
[SourceDate "2005.10.25"]

1. Nf3 c6 2. c4 d5 3. e3 Nf6 4. d4 e6 5. Nc3 Nbd7 6. Bd3 dxc4 7. Bxc4 b5 8. Bd3
a6 9. O-O c5 10. Be2 Bb7 11. b3 Rc8 12. Bb2 cxd4 13. Nxd4 Bb4 14. Rc1 Qa5 15.
Nb1 Rxc1 16. Qxc1 Qxa2 17. Nxb5 axb5 18. Bxf6 Qxe2 19. Qc7 gxf6 20. Qxb7 Ke7
21. Qe4 Bd6 22. Nc3 Bxh2+ 23. Kxh2 Qxf1 24. Nd5+ Kd6 25. Nc3 Rg8 26. Qb4+ Kc6
27. Qe4+ Kc7 0-1

[Event "4NCL/Div3/SLOS2 vs. FCA1"]
[Site "Birmingham ENG"]
[Date "2006.03.04"]
[Round "7.7"]
[White "McCarthy, Kevin"]
[Black "Utyuzhnikova, Galina"]
[Result "0-1"]
[WhiteElo "2060"]
[BlackElo "2045"]
[PlyCount "84"]
[EventDate "2006.03.04"]
[EventType "team"]
[EventRounds "11"]
[EventCountry "ENG"]
[SourceDate "2005.10.25"]

1. d4 d5 2. e4 dxe4 3. Nc3 Nf6 4. f3 exf3 5. Nxf3 Bf5 6. Bc4 e6 7. O-O c6 8.
Ne5 Bg6 9. Bg5 Be7 10. Ne2 Nd5 11. Bxe7 Qxe7 12. Bxd5 cxd5 13. Nf4 O-O 14.
Nexg6 hxg6 15. Qg4 Nd7 16. c3 Rae8 17. h4 Nf6 18. Qf3 Ne4 19. Qg4 g5 20. hxg5
Qxg5 21. Qxg5 Nxg5 22. Nd3 Ne4 23. Rae1 f5 24. Re3 g5 25. Rh3 Kg7 26. Ne5 Rh8
27. Rff3 g4 28. Rxh8 Rxh8 29. Rd3 Kf6 30. a3 a5 31. b3 a4 32. b4 Rh7 33. b5 Rc7
34. b6 Rc8 35. Kf1 Ke7 36. g3 Rxc3 37. Rxc3 Nxc3 38. Nd3 Ne4 39. Kg2 Kd6 40.
Nb2 Nc3 41. Nd3 Nb5 42. Nc5 Nxd4 0-1

[Event "4NCL/Div3/SLOS2 vs. FCA1"]
[Site "Birmingham ENG"]
[Date "2006.03.04"]
[Round "7.8"]
[White "Adebajo, Femi"]
[Black "Willis, Rupert"]
[Result "1-0"]
[WhiteElo "2050"]
[BlackElo "2100"]
[PlyCount "83"]
[EventDate "2006.03.04"]
[EventType "team"]
[EventRounds "11"]
[EventCountry "ENG"]
[SourceDate "2005.10.25"]

1. d4 d5 2. c4 e6 3. Nc3 c5 4. cxd5 exd5 5. Nf3 Nc6 6. g3 Nf6 7. Bg2 Be7 8. O-O
O-O 9. Bg5 cxd4 10. Nxd4 h6 11. Bf4 Bg4 12. h3 Bh5 13. Rc1 Bg6 14. Nxc6 bxc6
15. Na4 Rc8 16. Be3 Qa5 17. Bc5 Bxc5 18. Rxc5 Qa6 19. b4 Rfe8 20. Bf3 Re7 21.
a3 Rce8 22. Ra5 Qc8 23. h4 Be4 24. Kg2 Nh5 25. e3 Nf6 26. Nc5 Qf5 27. Nxe4 Nxe4
28. Qd4 g5 29. hxg5 Nxg5 30. Bg4 Qc2 31. Rc5 Qg6 32. Rfc1 Ne4 33. Rxc6 Qxg4 34.
Rxh6 Re5 35. Rch1 Qg7 36. Rh8+ Qxh8 37. Rxh8+ Kxh8 38. f4 f6 39. fxe5 Rxe5 40.
Qxa7 Rg5 41. Qc7 Kg8 42. b5 1-0

[Event "4NCL/Div3/WES2 vs. HKFC"]
[Site "Birmingham ENG"]
[Date "2006.03.04"]
[Round "7.1"]
[White "Tunks, Dominic"]
[Black "Fowler, Simon"]
[Result "0-1"]
[WhiteElo "2155"]
[BlackElo "2202"]
[PlyCount "118"]
[EventDate "2006.03.04"]
[EventType "team"]
[EventRounds "11"]
[EventCountry "ENG"]
[SourceDate "2005.10.25"]

1. e4 e6 2. d4 d5 3. Nd2 Nc6 4. Ngf3 Nf6 5. e5 Nd7 6. Bd3 f6 7. Ng5 Ndxe5 8.
dxe5 fxg5 9. Qe2 Nb4 10. O-O Nxd3 11. cxd3 Be7 12. b3 O-O 13. Bb2 Bd7 14. Rac1
Be8 15. Rc2 Bg6 16. Rfc1 c6 17. Bd4 Qa5 18. Nb1 Qb5 19. Rd1 c5 20. Bb2 Rf7 21.
Bc3 Raf8 22. Be1 Qe8 23. h3 Qb8 24. f3 b6 25. Bg3 b5 26. Rb2 Bd8 27. Bf2 Bb6
28. Kh1 Rf5 29. Bg3 Be8 30. Rc1 Bc6 31. Nd2 Qa8 32. Rbc2 Bb7 33. Bh2 a5 34. Bg1
d4 35. Bh2 R5f7 36. Kg1 a4 37. Bg3 Bd5 38. Bf2 Qa7 39. bxa4 Qxa4 40. Ne4 Bxe4
41. Qxe4 Qa8 42. Qxa8 Rxa8 43. Rb1 b4 44. Kf1 Ra3 45. Ke2 Rfa7 46. Rbb2 {=} Kf7
47. Be1 Kg6 48. g4 Rd7 49. Rb3 Rxb3 50. axb3 Rd5 51. Bg3 Bc7 52. f4 gxf4 53.
Bxf4 Bxe5 54. Bc1 Bf6 55. Kf3 Bg5 56. Bf4 Bxf4 57. Kxf4 Kf6 58. h4 h6 59. h5
Re5 0-1

[Event "4NCL/Div3/WES2 vs. HKFC"]
[Site "Birmingham ENG"]
[Date "2006.03.04"]
[Round "7.2"]
[White "Tavoularis, Nicholas"]
[Black "Hopkins, Jamie R"]
[Result "1-0"]
[WhiteElo "2182"]
[BlackElo "2137"]
[PlyCount "81"]
[EventDate "2006.03.04"]
[EventType "team"]
[EventRounds "11"]
[EventCountry "ENG"]
[SourceDate "2005.10.25"]

1. c4 c5 2. g3 g6 3. Bg2 Bg7 4. Nc3 Nc6 5. d3 d6 6. e4 e5 7. Nge2 Nge7 8. h4 h5
9. Bg5 f6 10. Be3 Nd4 11. f3 Be6 {=} 12. Qd2 Qd7 13. Nd5 Nec6 14. Rb1 O-O 15.
O-O Rab8 16. Rf2 Rf7 17. Kh2 Kh7 18. Ng1 b5 19. Bh3 Bxh3 20. Nxh3 Ne6 21. Rg1
bxc4 22. dxc4 f5 23. Ng5+ Nxg5 24. Bxg5 fxe4 25. fxe4 Rxf2+ 26. Qxf2 Kh8 27.
Rf1 Qe6 28. Qd2 Rf8 29. Rxf8+ Bxf8 30. Qd1 Bg7 31. a3 a5 32. Kg2 Kh7 33. Qf3
Nd4 34. Qf2 Qg4 35. Nc3 Ne6 36. Be3 Kg8 37. Qf3 Nf4+ 38. Bxf4 exf4 39. Qxg4
hxg4 40. gxf4 Bxc3 41. bxc3 1-0

[Event "4NCL/Div3/WES2 vs. HKFC"]
[Site "Birmingham ENG"]
[Date "2006.03.04"]
[Round "7.3"]
[White "Rutter, Nicholas"]
[Black "Forman, Karl L"]
[Result "0-1"]
[WhiteElo "2133"]
[BlackElo "2026"]
[PlyCount "112"]
[EventDate "2006.03.04"]
[EventType "team"]
[EventRounds "11"]
[EventCountry "ENG"]
[SourceDate "2005.10.25"]

1. e4 Nf6 2. Nc3 d5 3. e5 d4 4. exf6 dxc3 5. fxg7 cxd2+ 6. Qxd2 Qxd2+ 7. Bxd2
Bxg7 8. O-O-O Nc6 9. Bb5 Bd7 10. Nf3 O-O-O 11. Rhe1 e6 12. Ng5 Ne5 13. Bxd7+
Rxd7 14. Bc3 Rxd1+ 15. Rxd1 Rg8 16. f4 Nc4 17. Nxf7 Bxc3 {=} 18. bxc3 Ne3 19.
Rd4 Nxg2 20. Re4 Rf8 {=} 21. Ng5 Rxf4 22. Rxf4 Nxf4 23. Nxh7 Kd7 24. Ng5 Ke7
25. Ne4 e5 26. Kd2 Ke6 27. c4 Kf5 28. Ng3+ Kg4 29. Ke3 Kh3 30. Nf1 Kg2 31. Nd2
Kxh2 32. Nf3+ Kg3 33. Nxe5 Ne6 34. Nd3 Kg2 35. Ke4 Kf1 36. Kd5 Nd8 37. Ne5 Ke2
38. c5 Kd2 39. c4 Kc3 40. c6 bxc6+ 41. Kc5 a5 42. Nf3 Kb2 43. Kd4 Kxa2 44. Kc3
c5 45. Nd2 Ne6 46. Ne4 a4 47. Kc2 c6 48. Kc3 Kb1 49. Nd2+ Kc1 50. Ne4 Kb1 51.
Nd2+ Ka2 52. Ne4 a3 53. Kc2 Nd4+ 54. Kc3 Kb1 55. Nd2+ Kc1 56. Nb3+ Nxb3 0-1

[Event "4NCL/Div3/WES2 vs. HKFC"]
[Site "Birmingham ENG"]
[Date "2006.03.04"]
[Round "7.4"]
[White "Goodwin, Ed"]
[Black "Clark, Ian C"]
[Result "1/2-1/2"]
[WhiteElo "2005"]
[BlackElo "2133"]
[PlyCount "81"]
[EventDate "2006.03.04"]
[EventType "team"]
[EventRounds "11"]
[EventCountry "ENG"]
[SourceDate "2005.10.25"]

1. c4 e5 2. g3 Nf6 3. Bg2 Nc6 4. Nc3 Bc5 5. a3 a5 6. e3 O-O 7. Nge2 Re8 8. d3
d6 9. O-O Bd7 10. Rb1 Qc8 11. d4 Bb6 12. b4 axb4 13. axb4 Bf5 14. Rb2 Ra1 15.
c5 exd4 16. exd4 Ba7 17. Qb3 Ne4 18. Be3 Rxf1+ 19. Bxf1 dxc5 {=} 20. bxc5 b6
21. Bg2 Na5 22. Qa2 h6 23. Nxe4 Bxe4 24. Bxe4 Rxe4 25. Nc3 Re8 26. Nd5 Re6 27.
Rc2 Qd8 28. cxb6 Bxb6 29. Nxb6 cxb6 30. d5 Rd6 31. Rd2 g5 32. Rd3 Qc7 33. Bd2
Qc4 34. Qxc4 Nxc4 35. Bb4 Rd7 36. Rd4 b5 37. h4 gxh4 38. Rxh4 Rxd5 39. Rxh6 Kg7
40. Rh4 Kf6 41. Rf4+ 1/2-1/2

[Event "4NCL/Div3/WES2 vs. HKFC"]
[Site "Birmingham ENG"]
[Date "2006.03.04"]
[Round "7.5"]
[White "Ferrington, Nigel M"]
[Black "Hogarth, Mark J"]
[Result "1-0"]
[WhiteElo "2115"]
[BlackElo "1919"]
[PlyCount "83"]
[EventDate "2006.03.04"]
[EventType "team"]
[EventRounds "11"]
[EventCountry "ENG"]
[SourceDate "2005.10.25"]

1. e4 c5 2. Nf3 Nc6 3. d4 cxd4 4. Nxd4 g6 5. Nc3 Bg7 6. Be3 Nf6 7. Bc4 O-O 8.
Bb3 Ng4 9. Qxg4 Nxd4 10. Qd1 Nxb3 11. axb3 d6 12. O-O a6 13. Qd2 Bd7 14. Rfe1
Rc8 15. Rad1 Kh8 16. Bd4 e5 17. Be3 Rc6 18. Nd5 f5 19. Nb4 f4 20. Nxc6 fxe3 21.
Nxd8 exd2 22. Rxd2 Rxd8 23. Rxd6 Bf8 24. Rd5 Rc8 25. Rxd7 Rxc2 26. Rxb7 Bc5 27.
Rf7 Kg8 28. Rf3 Bd4 29. g4 Bxb2 30. Kf1 Kg7 31. Re2 Rc1+ 32. Kg2 Bd4 33. h4 h5
34. g5 a5 35. Rf6 Rc3 36. Ra2 Rxb3 37. Rxa5 Rb2 38. Rd5 Re2 39. Rd7+ Kg8 40.
Rd8+ Kg7 41. Rdf8 Rxe4 42. R6f7# 1-0

[Event "4NCL/Div3/WES2 vs. HKFC"]
[Site "Birmingham ENG"]
[Date "2006.03.04"]
[Round "7.6"]
[White "Bullock, Andrew"]
[Black "Pym, Thomas W"]
[Result "0-1"]
[WhiteElo "1866"]
[BlackElo "2073"]
[PlyCount "58"]
[EventDate "2006.03.04"]
[EventType "team"]
[EventRounds "11"]
[EventCountry "ENG"]
[SourceDate "2005.10.25"]

1. c4 c5 2. g3 g6 3. Bg2 Bg7 4. d3 Nc6 5. Nc3 e6 6. Nh3 Nge7 7. Ne4 d5 8. cxd5
exd5 9. Nc3 Bxh3 10. Bxh3 O-O 11. O-O f5 12. Qb3 Qd7 13. e4 c4 14. dxc4 Nd4 15.
Qd1 dxe4 16. Nxe4 Qc6 17. Nd2 f4 18. f3 fxg3 19. hxg3 Nef5 20. Ne4 Qxc4 21. Rf2
Be5 22. Bf1 Qd5 23. Rc2 Rac8 24. Rxc8 Rxc8 25. Bg5 Nxg3 26. Bd3 Ne6 27. Nf6+
Bxf6 28. Bxf6 Nf4 29. Be4 Qc5+ 0-1

[Event "4NCL/Div3/WES2 vs. HKFC"]
[Site "Birmingham ENG"]
[Date "2006.03.04"]
[Round "7.7"]
[White "Taylor, Phil"]
[Black "Parmar, Jyoti"]
[Result "1-0"]
[WhiteElo "2063"]
[BlackElo "1625"]
[PlyCount "47"]
[EventDate "2006.03.04"]
[EventType "team"]
[EventRounds "11"]
[EventCountry "ENG"]
[SourceDate "2005.10.25"]

1. Nf3 d5 2. d4 Nf6 3. g3 Nc6 4. Bg2 Bf5 5. c3 e6 6. O-O Bd6 7. Nbd2 a5 8. Re1
O-O 9. Nh4 Re8 10. f3 Bg6 11. Nxg6 hxg6 12. e4 e5 13. exd5 Nxd5 14. Nc4 Qf6 15.
dxe5 Bc5+ 16. Kh1 Qe6 17. f4 Nde7 18. Qe2 Nf5 19. Ne3 Rad8 20. Nxf5 Qxf5 21.
Be4 Qd7 22. Be3 Be7 23. Rad1 Qe6 24. a3 {[time]} 1-0